<?xml version="1.0" encoding="UTF-8"?>
<record
    xmlns:xsi="http://www.w3.org/2001/XMLSchema-instance"
    xsi:schemaLocation="http://www.loc.gov/MARC21/slim http://www.loc.gov/standards/marcxml/schema/MARC21slim.xsd"
    xmlns="http://www.loc.gov/MARC21/slim">

  <leader>00905nam a2200265 i 4500</leader>
  <controlfield tag="005">20220317000942.0</controlfield>
  <controlfield tag="008">160809s2002    ck     gs     000 0 spa d</controlfield>
  <datafield tag="020" ind1=" " ind2=" ">
    <subfield code="a">9582812516</subfield>
  </datafield>
  <datafield tag="040" ind1=" " ind2=" ">
    <subfield code="a">CO-BoRNBP</subfield>
    <subfield code="b">spa</subfield>
    <subfield code="c">CO-BoRNBP</subfield>
    <subfield code="e">rda</subfield>
  </datafield>
  <datafield tag="041" ind1="0" ind2=" ">
    <subfield code="a">spa</subfield>
  </datafield>
  <datafield tag="082" ind1="0" ind2="4">
    <subfield code="a">616.024</subfield>
    <subfield code="b">O77m</subfield>
  </datafield>
  <datafield tag="100" ind1="1" ind2=" ">
    <subfield code="a">Ortega G., Marisol</subfield>
    <subfield code="e">autora</subfield>
  </datafield>
  <datafield tag="245" ind1="1" ind2="3">
    <subfield code="a">El m&#xE9;dico de familia</subfield>
    <subfield code="b">respuestas a las consultas m&#xE1;s frecuentes</subfield>
    <subfield code="c">Marisol Ortega G.y Maricielo Acero R.</subfield>
  </datafield>
  <datafield tag="250" ind1=" " ind2=" ">
    <subfield code="a">Primera edici&#xF3;n</subfield>
  </datafield>
  <datafield tag="264" ind1=" " ind2="1">
    <subfield code="a">Bogot&#xE1; </subfield>
    <subfield code="b">Intermedio Editores </subfield>
    <subfield code="c">2002</subfield>
  </datafield>
  <datafield tag="300" ind1=" " ind2=" ">
    <subfield code="a">401 p&#xE1;ginas</subfield>
    <subfield code="c">21 cm</subfield>
  </datafield>
  <datafield tag="336" ind1=" " ind2=" ">
    <subfield code="a">texto</subfield>
    <subfield code="b">txt</subfield>
    <subfield code="2">rdacontent</subfield>
  </datafield>
  <datafield tag="337" ind1=" " ind2=" ">
    <subfield code="a">sin mediaci&#xF3;n</subfield>
    <subfield code="b">n</subfield>
    <subfield code="2">rdamedia</subfield>
  </datafield>
  <datafield tag="338" ind1=" " ind2=" ">
    <subfield code="a">volumen</subfield>
    <subfield code="b">nc</subfield>
    <subfield code="2">rdacarrier</subfield>
  </datafield>
  <datafield tag="650" ind1="1" ind2="4">
    <subfield code="a">Salud </subfield>
    <subfield code="v">Preguntas y respuestas</subfield>
    <subfield code="2">LEMB</subfield>
  </datafield>
  <datafield tag="650" ind1="1" ind2="4">
    <subfield code="a">Medicina </subfield>
    <subfield code="v">Preguntas y respuestas</subfield>
    <subfield code="2">LEMB</subfield>
  </datafield>
  <datafield tag="650" ind1="1" ind2="4">
    <subfield code="a">Enfermedades</subfield>
    <subfield code="v">Preguntas y respuestas</subfield>
    <subfield code="2">LEMB </subfield>
  </datafield>
  <datafield tag="700" ind1="1" ind2=" ">
    <subfield code="a">Acero R., Maricielo</subfield>
    <subfield code="9">127800</subfield>
  </datafield>
  <datafield tag="942" ind1=" " ind2=" ">
    <subfield code="2">ddc</subfield>
    <subfield code="c">BK</subfield>
  </datafield>
  <datafield tag="999" ind1=" " ind2=" ">
    <subfield code="c">5503</subfield>
    <subfield code="d">5503</subfield>
  </datafield>
  <datafield tag="952" ind1=" " ind2=" ">
    <subfield code="0">0</subfield>
    <subfield code="1">0</subfield>
    <subfield code="2">ddc</subfield>
    <subfield code="4">0</subfield>
    <subfield code="7">0</subfield>
    <subfield code="8">001</subfield>
    <subfield code="a">MEACACIA</subfield>
    <subfield code="b">MEACACIA</subfield>
    <subfield code="c">GEN</subfield>
    <subfield code="d">2023-10-26</subfield>
    <subfield code="l">0</subfield>
    <subfield code="o">616.024 077m</subfield>
    <subfield code="p">ACA00629</subfield>
    <subfield code="r">2023-10-26 21:19:00</subfield>
    <subfield code="t">Ej.1</subfield>
    <subfield code="w">2023-10-26</subfield>
    <subfield code="y">BK</subfield>
  </datafield>
  <datafield tag="952" ind1=" " ind2=" ">
    <subfield code="0">0</subfield>
    <subfield code="1">0</subfield>
    <subfield code="2">ddc</subfield>
    <subfield code="4">0</subfield>
    <subfield code="7">0</subfield>
    <subfield code="8">GEN</subfield>
    <subfield code="a">MEPLOPEZ</subfield>
    <subfield code="b">MEPLOPEZ</subfield>
    <subfield code="c">GEN</subfield>
    <subfield code="d">2025-06-25</subfield>
    <subfield code="l">0</subfield>
    <subfield code="o">616.024 O77m</subfield>
    <subfield code="p">PLZ02417</subfield>
    <subfield code="r">2025-06-25 11:16:05</subfield>
    <subfield code="t">Ej.1</subfield>
    <subfield code="w">2025-06-25</subfield>
    <subfield code="y">BK</subfield>
  </datafield>
  <datafield tag="952" ind1=" " ind2=" ">
    <subfield code="0">0</subfield>
    <subfield code="1">0</subfield>
    <subfield code="2">ddc</subfield>
    <subfield code="4">0</subfield>
    <subfield code="7">0</subfield>
    <subfield code="8">GEN</subfield>
    <subfield code="a">MEBAUPIA</subfield>
    <subfield code="b">MEBAUPIA</subfield>
    <subfield code="c">GEN</subfield>
    <subfield code="d">2025-07-07</subfield>
    <subfield code="l">0</subfield>
    <subfield code="o">616.024 O77m</subfield>
    <subfield code="p">BUP1677</subfield>
    <subfield code="r">2025-07-07 16:33:07</subfield>
    <subfield code="t">Ej.1</subfield>
    <subfield code="w">2025-07-07</subfield>
    <subfield code="y">BK</subfield>
  </datafield>
</record>
